|
|
|
|
| LEADER |
03743nam a22005895i 4500 |
| 001 |
978-3-319-50307-3 |
| 003 |
DE-He213 |
| 005 |
20161124195007.0 |
| 007 |
cr nn 008mamaa |
| 008 |
161124s2016 gw | s |||| 0|eng d |
| 020 |
|
|
|a 9783319503073
|9 978-3-319-50307-3
|
| 024 |
7 |
|
|a 10.1007/978-3-319-50307-3
|2 doi
|
| 040 |
|
|
|d GrThAP
|
| 050 |
|
4 |
|a QA76.9.A43
|
| 072 |
|
7 |
|a UMB
|2 bicssc
|
| 072 |
|
7 |
|a COM051300
|2 bisacsh
|
| 082 |
0 |
4 |
|a 005.1
|2 23
|
| 245 |
1 |
0 |
|a Swarm Intelligence Based Optimization
|h [electronic resource] :
|b Second International Conference, ICSIBO 2016, Mulhouse, France, June 13-14, 2016, Revised Selected Papers /
|c edited by Patrick Siarry, Lhassane Idoumghar, Julien Lepagnot.
|
| 264 |
|
1 |
|a Cham :
|b Springer International Publishing :
|b Imprint: Springer,
|c 2016.
|
| 300 |
|
|
|a IX, 125 p. 56 illus.
|b online resource.
|
| 336 |
|
|
|a text
|b txt
|2 rdacontent
|
| 337 |
|
|
|a computer
|b c
|2 rdamedia
|
| 338 |
|
|
|a online resource
|b cr
|2 rdacarrier
|
| 347 |
|
|
|a text file
|b PDF
|2 rda
|
| 490 |
1 |
|
|a Lecture Notes in Computer Science,
|x 0302-9743 ;
|v 10103
|
| 505 |
0 |
|
|a Theoretical advances of swarm intelligence metaheuristics -- Combinatorial discrete, binary, constrained, multi-objective, multi-modal, dynamic, noisy, and large scale optimization -- Artificial immune systems, particle swarms, ant colony, bacterial forging, artificial bees, fireflies algorithm -- Hybridization of algorithms -- Parallel/distributed computing, machine learning, data mining, data clustering, decision making and multi-agent systems based on swarm intelligence principles -- Adaptation and applications of swarm intelligence principles to real world problems in various domains.
|
| 520 |
|
|
|a This book constitutes the thoroughly refereed post-conference proceedings of the Second International Conference on Swarm Intelligence Based Optimization, ICSIBO 2016, held in Mulhouse, France, in June 2016. The 9 full papers presented were carefully reviewed and selected from 20 submissions. They are centered around the following topics: theoretical advances of swarm intelligence metaheuristics; combinatorial discrete, binary, constrained, multi-objective, multi-modal, dynamic, noisy, and large scale optimization; artificial immune systems, particle swarms, ant colony, bacterial forging, artificial bees, fireflies algorithm; hybridization of algorithms; parallel/distributed computing, machine learning, data mining, data clustering, decision making and multi-agent systems based on swarm intelligence principles; adaptation and applications of swarm intelligence principles to real world problems in various domains.
|
| 650 |
|
0 |
|a Computer science.
|
| 650 |
|
0 |
|a Microprocessors.
|
| 650 |
|
0 |
|a Special purpose computers.
|
| 650 |
|
0 |
|a Architecture, Computer.
|
| 650 |
|
0 |
|a Algorithms.
|
| 650 |
|
0 |
|a Computer science
|x Mathematics.
|
| 650 |
|
0 |
|a Artificial intelligence.
|
| 650 |
1 |
4 |
|a Computer Science.
|
| 650 |
2 |
4 |
|a Algorithm Analysis and Problem Complexity.
|
| 650 |
2 |
4 |
|a Artificial Intelligence (incl. Robotics).
|
| 650 |
2 |
4 |
|a Computer System Implementation.
|
| 650 |
2 |
4 |
|a Special Purpose and Application-Based Systems.
|
| 650 |
2 |
4 |
|a Processor Architectures.
|
| 650 |
2 |
4 |
|a Discrete Mathematics in Computer Science.
|
| 700 |
1 |
|
|a Siarry, Patrick.
|e editor.
|
| 700 |
1 |
|
|a Idoumghar, Lhassane.
|e editor.
|
| 700 |
1 |
|
|a Lepagnot, Julien.
|e editor.
|
| 710 |
2 |
|
|a SpringerLink (Online service)
|
| 773 |
0 |
|
|t Springer eBooks
|
| 776 |
0 |
8 |
|i Printed edition:
|z 9783319503066
|
| 830 |
|
0 |
|a Lecture Notes in Computer Science,
|x 0302-9743 ;
|v 10103
|
| 856 |
4 |
0 |
|u http://dx.doi.org/10.1007/978-3-319-50307-3
|z Full Text via HEAL-Link
|
| 912 |
|
|
|a ZDB-2-SCS
|
| 912 |
|
|
|a ZDB-2-LNC
|
| 950 |
|
|
|a Computer Science (Springer-11645)
|